=LDR 00000nam 2200000 4500 =001 INLIS000000000023579 =005 20140317122245.0 =006 =007 =008 Ind =035 ##$$a 0010-061300000023579 =041 ##$$a Ind =082 ##$$a 658 =090 ##$$a 658, Ant s =100 ##$$a Anthony, Robert N =245 ##$$a Management control system, Sistem pengendalian manajemen, Robert N. Anthony =260 ##$$a 2005 $b Jakarta =300 ##$$a 598 hlm, 26 cm =650 ##$$a Manajemen =850 ##$$a NBPNMAT =990 ##$$a 21400399/BPAP-NTB/2014 =990 ##$$a 21400613/BPAP-NTB/20142014 =990 ##$$a 0001/BPAP-NTB/20142014